Contando sus pasos (Record no. 16258)

MARC details
000 -LEADER
campo de control de longitud fija 00811nam a2200229 i 4500
001 - NÚMERO DE CONTROL
campo de control 16258
003 - IDENTIFICADOR DE NÚMERO DE CONTROL
campo de control ES-MaACL
005 - FECHA Y HORA DE LA ÚLTIMA TRANSACCIÓN
campo de control 20230906151256.0
007 - CAMPO FIJO DE DESCRIPCIÓN FÍSICA--INFORMACIÓN GENERAL
campo de control de longitud fija t|
008 - DATOS DE LONGITUD FIJA--INFORMACIÓN GENERAL
campo de control de longitud fija 000821s1997 sp ||||1| spa d
020 ## - NÚMERO INTERNACIONAL ESTÁNDAR DEL LIBRO
Número Internacional Estándar del Libro 84-8191-139-9
080 ## - NÚMERO DE LA CLASIFICACIÓN DECIMAL UNIVERSAL
Número de la Clasificación Decimal Universal 821.134.2-32"19"
100 0# - ENTRADA PRINCIPAL--NOMBRE DE PERSONA
Nombre de persona Barga, Corpus,
Fechas asociadas al nombre 1887-1975
9 (RLIN) 25629
245 10 - MENCIÓN DEL TÍTULO
Título Contando sus pasos
Resto del título : primer viaje a América (la vida rota, segunda parte) y otros textos inéditos de su juventud /
Mención de responsabilidad, etc. Corpus Barga ; edición, prólogo, introducción de Isabel del Alamo Triana.
260 ## - PUBLICACIÓN, DISTRIBUCIÓN, ETC.
Lugar de publicación, distribución, etc. Valencia :
Nombre del editor, distribuidor, etc. Pre-Textos,
Fecha de publicación, distribución, etc. [1997]
300 ## - DESCRIPCIÓN FÍSICA
Extensión 225 p. ;
Dimensiones 20 cm.
490 1# - MENCIÓN DE SERIE
Mención de serie Pre-textos ;
Designación de volumen o secuencia 304
700 1# - ENTRADA AGREGADA--NOMBRE PERSONAL
Nombre de persona Alamo Triana, Isabel del.
9 (RLIN) 19117
830 0# - PUNTO DE ACCESO ADICIONAL DE SERIE-TÍTULO UNIFORME
Título uniforme Pre-textos ;
Designación de volumen o secuencia 304
9 (RLIN) 178641
852 ## - LOCALIZACIÓN
Ubicación ES-MaACL
Número de control de estantería L-23523
Sublocalización o colección R.128826
Holdings
Estatus retirado Estado de pérdida Estado de daño No para préstamo Biblioteca de origen Biblioteca actual Ubicación en estantería Fecha de adquisición Fuente de adquisición Total de préstamos Signatura topográfica completa Código de barras Visto por última vez Precio de reemplazo Tipo de ítem Koha
        Biblioteca del Ateneo de Madrid Biblioteca del Ateneo de Madrid Depósito 2 17/01/2008     L-23523 1016520 23/02/2023 23/02/2023 Libro impreso